Every Inter Milan Player Since 2000 - Statistics

General Stats
  • This quiz has been taken 432 times
    418 since last reset
  • The average score is 348 of 710
Answer Stats
% Correct
2022/23 ST Argentina Lautaro Martinez 57 28
98%
2021/22 ST Argentina Lautaro Martinez 49 25
98%
2020/21 ST Argentina Lautaro Martinez 48 19
98%
2019/20 ST Argentina Lautaro Martinez 49 21
98%
2018/19 ST Argentina Lautaro Martinez 35 9
98%
2022/23 ST Belgium Romelu Lukaku 37 14
96%
2020/21 ST Belgium Romelu Lukaku 44 30
96%
2019/20 ST Belgium Romelu Lukaku 51 34
96%
2022/23 ST Bosnia Edin Dzeko 52 14
95%
2021/22 ST Bosnia Edin Dzeko 49 17
95%
2022/23 GK Slovenia Samir Handanovic 16
95%
2021/22 GK Slovenia Samir Handanovic 50
95%
2020/21 GK Slovenia Samir Handanovic 47
95%
2019/20 GK Slovenia Samir Handanovic 48
95%
2018/19 GK Slovenia Samir Handanovic 49
95%
2017/18 GK Slovenia Samir Handanovic 39
95%
2016/17 GK Slovenia Samir Handanovic 43
95%
2015/16 GK Slovenia Samir Handanovic 38
95%
2014/15 GK Slovenia Samir Handanovic 40
95%
2013/14 GK Slovenia Samir Handanovic 37
95%
2012/13 GK Slovenia Samir Handanovic 48
95%
2022/23 CM Italy Nicolo Barella 52 9
94%
2021/22 CM Italy Nicolo Barella 48 4
94%
2020/21 CM Italy Nicolo Barella 46 3
94%
2019/20 CM Italy Nicolo Barella 41 4
94%
2021/22 LM Croatia Ivan Perisic 49 10
93%
2020/21 LM Croatia Ivan Perisic 42 5
93%
2018/19 LM Croatia Ivan Perisic 45 9
93%
2017/18 LM Croatia Ivan Perisic 39 11
93%
2016/17 LM Croatia Ivan Perisic 42 11
93%
2015/16 LM Croatia Ivan Perisic 37 9
93%
2022/23 CB Netherlands Stefan de Vrij 38 1
92%
2021/22 CB Netherlands Stefan de Vrij 41 1
92%
2020/21 CB Netherlands Stefan de Vrij 42 1
92%
2019/20 CB Netherlands Stefan de Vrij 46 4
92%
2018/19 CB Netherlands Stefan de Vrij 36 2
92%
2021/22 ST Chile Alexis Sanchez 39 9
91%
2020/21 ST Chile Alexis Sanchez 38 7
91%
2019/20 ST Chile Alexis Sanchez 32 4
91%
2011/12 ST Cameroon Samuel Eto'o 1
91%
2010/11 ST Cameroon Samuel Eto'o 53 37
91%
2009/10 ST Cameroon Samuel Eto'o 48 16
91%
2022/23 GK Cameroon Andre Onana 41
90%
2022/23 CB Italy Alessandro Bastoni 46
89%
2021/22 CB Italy Alessandro Bastoni 44 1
89%
2020/21 CB Italy Alessandro Bastoni 41
89%
2019/20 CB Italy Alessandro Bastoni 33 2
89%
2005/06 DM Italy Cristiano Zanetti 23
89%
2004/05 DM Italy Cristiano Zanetti 35
89%
2003/04 DM Italy Cristiano Zanetti 29 1
89%
2002/03 DM Italy Cristiano Zanetti 24
89%
2001/02 DM Italy Cristiano Zanetti 33 2
89%
2022/23 RM Netherlands Denzel Dumfries 51 2
89%
2021/22 RM Netherlands Denzel Dumfries 45 5
89%
2013/14 RB Argentina Javier Zanetti 13
89%
2012/13 RB Argentina Javier Zanetti 48
89%
2011/12 RB Argentina Javier Zanetti 45
89%
2010/11 RB Argentina Javier Zanetti 52 2
89%
2009/10 RB Argentina Javier Zanetti 55
89%
2008/09 RB Argentina Javier Zanetti 51
89%
2007/08 RB Argentina Javier Zanetti 51 1
89%
2006/07 RB Argentina Javier Zanetti 50 1
89%
2005/06 RB Argentina Javier Zanetti 40
89%
2004/05 RB Argentina Javier Zanetti 50
89%
2003/04 RB Argentina Javier Zanetti 51
89%
2002/03 RB Argentina Javier Zanetti 53 1
89%
2001/02 RB Argentina Javier Zanetti 45 2
89%
2000/01 RB Argentina Javier Zanetti 34
89%
2022/23 CB Slovakia Milan Skriniar 31
89%
2021/22 CB Slovakia Milan Skriniar 48 4
89%
2020/21 CB Slovakia Milan Skriniar 39 3
89%
2019/20 CB Slovakia Milan Skriniar 42
89%
2018/19 CB Slovakia Milan Skriniar 46
89%
2017/18 CB Slovakia Milan Skriniar 40 4
89%
2021/22 CM Chile Arturo Vidal 41 2
88%
2020/21 CM Chile Arturo Vidal 30 2
88%
2022/23 CM Turkey Hakan Calhanoglu 49 4
88%
2021/22 CM Turkey Hakan Calhanoglu 46 8
88%
2022/23 DM Croatia Marcelo Brozovic 40 3
88%
2021/22 DM Croatia Marcelo Brozovic 48 3
88%
2020/21 DM Croatia Marcelo Brozovic 42 2
88%
2019/20 DM Croatia Marcelo Brozovic 46 3
88%
2018/19 DM Croatia Marcelo Brozovic 42 2
88%
2017/18 DM Croatia Marcelo Brozovic 33 4
88%
2016/17 DM Croatia Marcelo Brozovic 28 6
88%
2015/16 DM Croatia Marcelo Brozovic 35 7
88%
2014/15 DM Colombia Marcelo Brozovic 16 1
88%
2020/21 RB Morocco Achraf Hakimi 45 7
87%
2013/14 ST Argentina Diego Milito 18 2
87%
2012/13 ST Argentina Diego Milito 26 9
87%
2011/12 ST Argentina Diego Milito 41 26
87%
2010/11 ST Argentina Diego Milito 34 8
87%
2009/10 ST Argentina Diego Milito 52 30
87%
2022/23 LB Italy Federico Dimarco 50 6
86%
2021/22 LB Italy Federico Dimarco 42 2
86%
2019/20 LB Italy Federico Dimarco 4
86%
2014/15 LB Italy Federico Dimarco 2
86%
2011/12 GK Brazil Julio Cesar 40
86%
2010/11 GK Brazil Julio Cesar 39
86%
2009/10 GK Brazil Julio Cesar 54
86%
2008/09 GK Brazil Julio Cesar 45
86%
2007/08 GK Brazil Julio Cesar 44
86%
2006/07 GK Brazil Julio Cesar 38
86%
2005/06 GK Brazil Julio Cesar 40
86%
2018/19 ST Argentina Mauro Icardi 37 17
85%
2017/18 ST Argentina Mauro Icardi 36 29
85%
2016/17 ST Argentina Mauro Icardi 41 26
85%
2015/16 ST Argentina Mauro Icardi 34 16
85%
2014/15 ST Argentina Mauro Icardi 48 27
85%
2013/14 ST Argentina Mauro Icardi 23 9
85%
2008/09 ST Sweden Zlatan Ibrahimovic 47 29
85%
2007/08 ST Sweden Zlatan Ibrahimovic 34 22
85%
2006/07 ST Sweden Zlatan Ibrahimovic 36 15
85%
2020/21 AM Denmark Christian Eriksen 34 4
84%
2019/20 AM Denmark Christian Eriksen 26 4
84%
2022/23 LB Germany Robin Gosens 49 4
84%
2021/22 LB Germany Robin Gosens 9 1
84%
2012/13 AM Netherlands Wesley Sneijder 8 2
84%
2011/12 AM Netherlands Wesley Sneijder 28 5
84%
2010/11 AM Netherlands Wesley Sneijder 39 7
84%
2009/10 AM Netherlands Wesley Sneijder 41 8
84%
2010/11 SS North Macedonia Goran Pandev 42 5
83%
2009/10 SS North Macedonia Goran Pandev 27 3
83%
2022/23 CM Armenia Henrikh Mkhitaryan 49 5
83%
2012/13 RB Brazil Maicon 1
83%
2011/12 RB Brazil Maicon 29 3
83%
2010/11 RB Brazil Maicon 43 1
83%
2009/10 RB Brazil Maicon 52 7
83%
2008/09 RB Brazil Maicon 41 5
83%
2007/08 RB Brazil Maicon 38 1
83%
2006/07 RB Brazil Maicon 44 3
83%
2013/14 DM Argentina Esteban Cambiasso 33 4
81%
2012/13 DM Argentina Esteban Cambiasso 48 4
81%
2011/12 DM Argentina Esteban Cambiasso 47 5
81%
2010/11 DM Argentina Esteban Cambiasso 44 8
81%
2009/10 DM Argentina Esteban Cambiasso 47 4
81%
2008/09 DM Argentina Esteban Cambiasso 47 5
81%
2007/08 DM Argentina Esteban Cambiasso 44 8
81%
2006/07 DM Argentina Esteban Cambiasso 28 5
81%
2005/06 DM Argentina Esteban Cambiasso 48 6
81%
2004/05 DM Argentina Esteban Cambiasso 44 2
81%
2011/12 CB Brazil Lucio 41 2
81%
2010/11 CB Brazil Lucio 47 1
81%
2009/10 CB Brazil Lucio 48 2
81%
2022/23 RB Italy Matteo Darmian 48 2
80%
2021/22 RB Italy Matteo Darmian 36 2
80%
2020/21 RB Italy Matteo Darmian 33 4
80%
2020/21 LB England Ashley Young 34 1
78%
2019/20 LB England Ashley Young 25 4
78%
2022/23 CB Italy Francesco Acerbi 49 1
78%
2012/13 CM Serbia Dejan Stankovic 3
76%
2011/12 CM Serbia Dejan Stankovic 25
76%
2010/11 CM Serbia Dejan Stankovic 40 9
76%
2009/10 CM Serbia Dejan Stankovic 43 5
76%
2008/09 CM Serbia Dejan Stankovic 38 5
76%
2007/08 CM Serbia Dejan Stankovic 31 1
76%
2006/07 CM Serbia Dejan Stankovic 45 6
76%
2005/06 CM Serbia Dejan Stankovic 38 6
76%
2004/05 CM Serbia Dejan Stankovic 47 6
76%
2003/04 CM Serbia Dejan Stankovic 16 4
76%
2007/08 LM Brazil Cesar 23 2
75%
2005/06 LM Brazil Cesar 13 1
75%
2019/20 CB Uruguay Diego Godin 36 2
75%
2012/13 CB Romania Cristian Chivu 15 1
74%
2011/12 CB Romania Cristian Chivu 22
74%
2010/11 CB Romania Cristian Chivu 37 1
74%
2009/10 CB Romania Cristian Chivu 33 1
74%
2008/09 CB Romania Cristian Chivu 26
74%
2007/08 CB Romania Cristian Chivu 37
74%
2008/09 RW Portugal Luis Figo 26 1
73%
2007/08 RW Portugal Luis Figo 22 1
73%
2006/07 RW Portugal Luis Figo 47 3
73%
2005/06 RW Portugal Luis Figo 45 6
73%
2020/21 CM Belgium Radja Nainggolan 5
72%
2018/19 CM Belgium Radja Nainggolan 36 7
72%
2013/14 CB Argentina Walter Samuel 15 2
72%
2012/13 CB Argentina Walter Samuel 22 1
72%
2011/12 CB Argentina Walter Samuel 35 3
72%
2010/11 CB Argentina Walter Samuel 15
72%
2009/10 CB Argentina Walter Samuel 42 4
72%
2008/09 CB Argentina Walter Samuel 20 1
72%
2007/08 CB Argentina Walter Samuel 18 1
72%
2006/07 CB Argentina Walter Samuel 27 3
72%
2005/06 CB Argentina Walter Samuel 42 2
72%
2011/12 CB Colombia Ivan Cordoba 6
71%
2010/11 CB Colombia Ivan Cordoba 30
71%
2009/10 CB Colombia Ivan Cordoba 25
71%
2008/09 CB Colombia Ivan Cordoba 37 2
71%
2007/08 CB Colombia Ivan Cordoba 27 3
71%
2006/07 CB Colombia Ivan Cordoba 41 1
71%
2005/06 CB Colombia Ivan Cordoba 48 4
71%
2004/05 CB Colombia Ivan Cordoba 46 3
71%
2003/04 CB Colombia Ivan Cordoba 47 1
71%
2002/03 CB Colombia Ivan Cordoba 45 2
71%
2001/02 CB Colombia Ivan Cordoba 42 1
71%
2000/01 CB Colombia Ivan Cordoba 36 1
71%
2022/23 SS Argentina Joaquin Correa 41 4
71%
2021/22 SS Argentina Joaquin Correa 36 6
71%
2017/18 LB Japan Yuto Nagatomo 13
70%
2016/17 LB Japan Yuto Nagatomo 20
70%
2015/16 LB Japan Yuto Nagatomo 26
70%
2014/15 LB Japan Yuto Nagatomo 18
70%
2013/14 LB Japan Yuto Nagatomo 36 5
70%
2012/13 LB Japan Yuto Nagatomo 35 2
70%
2011/12 LB Japan Yuto Nagatomo 43 2
70%
2010/11 LB Japan Yuto Nagatomo 19 2
70%
2008/09 ST Brazil Adriano 22 7
68%
2007/08 ST Brazil Adriano 4 1
68%
2006/07 ST Brazil Adriano 30 6
68%
2005/06 ST Brazil Adriano 47 19
68%
2004/05 ST Brazil Adriano 42 28
68%
2003/04 ST Brazil Adriano 18 12
68%
2001/02 ST Brazil Adriano 14 1
68%
2021/22 CM Uruguay Matias Vecino 23 1
68%
2020/21 CM Uruguay Matias Vecino 8 1
68%
2019/20 CM Uruguay Matias Vecino 25 3
68%
2018/19 CM Uruguay Matias Vecino 40 5
68%
2017/18 CM Uruguay Matias Vecino 31 3
68%
2019/20 RM Italy Antonio Candreva 40 7
67%
2018/19 RM Italy Antonio Candreva 29 3
67%
2017/18 RM Italy Antonio Candreva 37
67%
2016/17 RM Italy Antonio Candreva 45 8
67%
2010/11 CB Italy Marco Materazzi 14
67%
2009/10 CB Italy Marco Materazzi 20
67%
2008/09 CB Italy Marco Materazzi 16 1
67%
2007/08 CB Italy Marco Materazzi 33 1
67%
2006/07 CB Italy Marco Materazzi 39 10
67%
2005/06 CB Italy Marco Materazzi 39 2
67%
2004/05 CB Italy Marco Materazzi 43
67%
2003/04 CB Italy Marco Materazzi 22 3
67%
2002/03 CB Italy Marco Materazzi 38 1
67%
2001/02 CB France Marco Materazzi 38 2
67%
2021/22 LB Serbia Aleksandar Kolarov 4
66%
2020/21 LB Serbia Aleksandar Kolarov 11
66%
2008/09 ST Argentina Hernan Crespo 17 2
66%
2007/08 ST Argentina Hernan Crespo 29 7
66%
2006/07 ST Argentina Hernan Crespo 40 20
66%
2002/03 ST Argentina Hernan Crespo 30 16
66%
2019/20 LM Ghana Kwadwo Asamoah 11
66%
2018/19 LM Ghana Kwadwo Asamoah 42
66%
2014/15 CM Croatia Mateo Kovacic 44 8
66%
2013/14 CM Croatia Mateo Kovacic 35
66%
2012/13 CM Croatia Mateo Kovacic 18
66%
2018/19 CB Brazil Miranda 20
66%
2017/18 CB Brazil Miranda 31
66%
2016/17 CB Brazil Miranda 36
66%
2015/16 CB Brazil Miranda 34 1
66%
2009/10 CM France Patrick Vieira 16 1
66%
2008/09 DM France Patrick Vieira 24 1
66%
2007/08 DM France Patrick Vieira 23 3
66%
2006/07 DM France Patrick Vieira 28 4
66%
2016/17 ST Argentina Rodrigo Palacio 20 2
66%
2015/16 ST Argentina Rodrigo Palacio 30 3
66%
2014/15 ST Argentina Rodrigo Palacio 41 12
66%
2013/14 ST Argentina Rodrigo Palacio 39 19
66%
2012/13 ST Argentina Rodrigo Palacio 39 22
66%
2016/17 DM Central African Republic Geoffrey Kondogbia 26 1
65%
2015/16 DM Central African Republic Geoffrey Kondogbia 30 1
65%
2001/02 ST Brazil Ronaldo 16 7
65%
2011/12 CM Ghana Sulley Muntari 4
65%
2010/11 CM Ghana Sulley Muntari 13 1
65%
2009/10 CM Ghana Sulley Muntari 42 2
65%
2008/09 CM Ghana Sulley Muntari 38 5
65%
2009/10 ST Italy Mario Balotelli 40 11
64%
2008/09 ST Italy Mario Balotelli 31 10
64%
2007/08 ST Italy Mario Balotelli 15 7
64%
2016/17 ST Montenegro Stevan Jovetic 5
64%
2015/16 ST Montenegro Stevan Jovetic 28 7
64%
2004/05 ST Italy Christian Vieri 36 17
62%
2003/04 ST Italy Christian Vieri 32 17
62%
2002/03 ST Italy Christian Vieri 37 27
62%
2001/02 ST Italy Christian Vieri 28 25
62%
2000/01 ST Italy Christian Vieri 32 19
62%
2016/17 DM Chile Gary Medel 31
62%
2015/16 DM Chile Gary Medel 34 1
62%
2014/15 DM Chile Gary Medel 44
62%
2009/10 GK Italy Francesco Toldo 3
61%
2008/09 GK Italy Francesco Toldo 7
61%
2007/08 GK Italy Francesco Toldo 8
61%
2006/07 GK Italy Francesco Toldo 18
61%
2005/06 GK Italy Francesco Toldo 20
61%
2004/05 GK Italy Francesco Toldo 41
61%
2003/04 GK Italy Francesco Toldo 45
61%
2002/03 GK Italy Francesco Toldo 51
61%
2001/02 GK Italy Francesco Toldo 43
61%
2018/19 CM Portugal Joao Mario 22 1
61%
2017/18 CM Portugal Joao Mario 15
61%
2016/17 CM Portugal Joao Mario 32 3
61%
2019/20 CM Spain Borja Valero 25 3
60%
2018/19 CM Spain Borja Valero 38
60%
2017/18 CM Spain Borja Valero 37 2
60%
2019/20 RM Nigeria Victor Moses 20
60%
2022/23 CB Italy Danilo D'Ambrosio 24
58%
2021/22 CB Italy Danilo D'Ambrosio 27 1
58%
2020/21 CB Italy Danilo D'Ambrosio 24 3
58%
2019/20 CB Italy Danilo D'Ambrosio 32 5
58%
2018/19 CB Italy Danilo D'Ambrosio 38 2
58%
2017/18 CB Italy Danilo D'Ambrosio 34 2
58%
2016/17 CB Italy Danilo D'Ambrosio 39 3
58%
2015/16 CB Italy Danilo D'Ambrosio 23 2
58%
2014/15 CB Italy Danilo D'Ambrosio 32 3
58%
2013/14 CB Italy Danilo D'Ambrosio 11
58%
2015/16 CM Colombia Fredy Guarin 16 1
58%
2014/15 CM Colombia Fredy Guarin 37 7
58%
2013/14 CM Colombia Fredy Guarin 35 4
58%
2012/13 CM Colombia Fredy Guarin 47 10
58%
2011/12 CM Colombia Fredy Guarin 6
58%
2022/23 DM Albania Kristjan Asllani 29
57%
2009/10 ST Austria Marko Arnautovic 3
57%
2009/10 RW Portugal Ricardo Quaresma 13
57%
2008/09 RW Portugal Ricardo Quaresma 19 1
57%
2014/15 CB Serbia Nemanja Vidic 28 1
56%
2017/18 RB Portugal Joao Cancelo 28 1
55%
2005/06 ST Nigeria Obafemi Martins 44 13
55%
2004/05 ST Nigeria Obafemi Martins 45 22
55%
2003/04 ST Nigeria Obafemi Martins 37 11
55%
2002/03 ST Nigeria Obafemi Martins 11 3
55%
2021/22 CB Italy Andrea Ranocchia 10 1
54%
2020/21 CB Italy Andrea Ranocchia 9
54%
2019/20 CB Italy Andrea Ranocchia 12 1
54%
2018/19 CB Italy Andrea Ranocchia 7 1
54%
2017/18 CB Italy Andrea Ranocchia 13 2
54%
2016/17 CB Italy Andrea Ranocchia 9
54%
2015/16 CB Italy Andrea Ranocchia 10
54%
2014/15 CB Italy Andrea Ranocchia 42 2
54%
2013/14 CB Italy Andrea Ranocchia 26 2
54%
2012/13 CB Italy Andrea Ranocchia 45 3
54%
2011/12 CB Italy Andrea Ranocchia 17 1
54%
2010/11 CB Italy Andrea Ranocchia 26 1
54%
2001/02 CM Netherlands Clarence Seedorf 32 4
54%
2000/01 CM Netherlands Clarence Seedorf 36 5
54%
2011/12 CM Italy Andrea Poli 20 1
53%
2022/23 CM Italy Roberto Gagliardini 28
53%
2021/22 CM Italy Roberto Gagliardini 24 2
53%
2020/21 CM Italy Roberto Gagliardini 33 3
53%
2019/20 CM Italy Roberto Gagliardini 32 4
53%
2018/19 CM Italy Roberto Gagliardini 21 5
53%
2017/18 CM Italy Roberto Gagliardini 32
53%
2016/17 CM Italy Roberto Gagliardini 19 2
53%
2006/07 SS Uruguay Alvaro Recoba 18 1
52%
2005/06 SS Uruguay Alvaro Recoba 29 6
52%
2004/05 SS Uruguay Alvaro Recoba 22 6
52%
2003/04 SS Uruguay Alvaro Recoba 29 11
52%
2002/03 SS Uruguay Alvaro Recoba 42 12
52%
2001/02 SS Uruguay Alvaro Recoba 22 6
52%
2000/01 SS Uruguay Alvaro Recoba 41 15
52%
2021/22 GK Romania Ionut Radu 2
52%
2020/21 GK Romania Ionut Radu 2
52%
2015/16 GK Romania Ionut Radu 1
52%
2021/22 CM Italy Stefano Sensi 12 1
52%
2020/21 CM Italy Stefano Sensi 20
52%
2019/20 CM Italy Stefano Sensi 19 3
52%
2019/20 RW Italy Matteo Politano 15
51%
2018/19 RW Italy Matteo Politano 48 6
51%
2012/13 LW Brazil Philippe Coutinho 19 3
51%
2011/12 LW Brazil Philippe Coutinho 11 1
51%
2010/11 LW Brazil Philippe Coutinho 20 1
51%
2014/15 AM Switzerland Xherdan Shaqiri 20 3
51%
2000/01 DM Italy Andrea Pirlo 8
50%
2016/17 CB Colombia Jeison Murillo 34 1
50%
2015/16 CB Colombia Jeison Murillo 35 2
50%
2005/06 CM Argentina Juan Sebastian Veron 35 1
50%
2004/05 CM Argentina Juan Sebastian Veron 39 3
50%
2008/09 ST Argentina Julio Cruz 23 3
50%
2007/08 ST Argentina Julio Cruz 38 19
50%
2006/07 ST Argentina Julio Cruz 23 12
50%
2005/06 ST Argentina Julio Cruz 46 21
50%
2004/05 ST Argentina Julio Cruz 32 9
50%
2003/04 ST Argentina Julio Cruz 35 11
50%
2018/19 RB Croatia Sime Vrsaljko 13
50%
2011/12 DM Italy Thiago Motta 14 3
50%
2010/11 DM Italy Thiago Motta 29 5
50%
2009/10 DM Italy Thiago Motta 40 4
50%
2003/04 CB Italy Fabio Cannavaro 34 2
48%
2002/03 CB Italy Fabio Cannavaro 40 1
48%
2014/15 CM Nigeria Joel Obi 17 1
48%
2012/13 CM Nigeria Joel Obi 4 1
48%
2011/12 CM Nigeria Joel Obi 37
48%
2010/11 CM Nigeria Joel Obi 13
48%
2008/09 LB Brazil Maxwell 34 1
48%
2007/08 LB Brazil Maxwell 43
48%
2006/07 LB Brazil Maxwell 29 1
48%
2012/13 SS Italy Antonio Cassano 39 9
46%
2011/12 ST Uruguay Diego Forlan 20 2
46%
2015/16 CB Brazil Juan Jesus 23
46%
2014/15 CB Brazil Juan Jesus 45
46%
2013/14 CB Brazil Juan Jesus 29
46%
2012/13 CB Brazil Juan Jesus 44 1
46%
2011/12 CB Brazil Juan Jesus 1
46%
2013/14 CM Argentina Ricky Alvarez 31 4
45%
2012/13 CM Argentina Ricky Alvarez 30 7
45%
2011/12 CM Argentina Ricky Alvarez 29 3
45%
2016/17 RW France Jonathan Biabiany 4
43%
2015/16 RW France Jonathan Biabiany 24 1
43%
2010/11 RW France Jonathan Biabiany 21 1
43%
2006/07 RW France Jonathan Biabiany 1
43%
2018/19 ST Senegal Keita Balde 29 5
43%
2019/20 RB Austria Valentino Lazaro 11
43%
2013/14 LB Uruguay Alvaro Pereira 7
41%
2012/13 LB Uruguay Alvaro Pereira 40 1
41%
2017/18 LB Italy Davide Santon 15
41%
2016/17 LB Italy Davide Santon 15
41%
2015/16 LB Italy Davide Santon 13
41%
2014/15 LB Italy Davide Santon 14
41%
2010/11 LB Italy Davide Santon 18
41%
2009/10 LB Italy Davide Santon 15
41%
2008/09 LB Italy Davide Santon 20
41%
2015/16 AM Brazil Hernanes 2
41%
2014/15 AM Brazil Hernanes 36 5
41%
2013/14 AM Brazil Hernanes 14 2
41%
2006/07 CB Italy Leonardo Bonucci 3
41%
2005/06 CB Italy Leonardo Bonucci 1
41%
2014/15 AM Germany Lukas Podolski 18 1
41%
2006/07 LB Italy Fabio Grosso 35 3
40%
2011/12 ST Italy Giampaolo Pazzini 40 8
39%
2010/11 ST Italy Giampaolo Pazzini 20 11
39%
2012/13 DM Kenya McDonald Mariga 2
39%
2010/11 DM Kenya McDonald Mariga 21 1
39%
2009/10 DM Kenya McDonald Mariga 13
39%
2009/10 ST Honduras David Suazo 5
38%
2007/08 ST Honduras David Suazo 37 8
38%
2017/18 ST Italy Eder Citadin 31 3
38%
2016/17 ST Italy Eder Citadin 40 10
38%
2015/16 ST Italy Eder Citadin 15 1
38%
2008/09 CB Argentina Nicolas Burdisso 29 1
38%
2007/08 CB Argentina Nicolas Burdisso 33 1
38%
2006/07 CB Argentina Nicolas Burdisso 36 6
38%
2005/06 CB Argentina Nicolas Burdisso 26
38%
2004/05 CB Argentina Nicolas Burdisso 15
38%
2004/05 CM Turkey Emre Belozoglu 27 1
37%
2003/04 CM Turkey Emre Belozoglu 30
37%
2002/03 CM Turkey Emre Belozoglu 37 4
37%
2001/02 CM Turkey Emre Belozoglu 20
37%
2000/01 ST Turkey Hakan Sukur 35 6
37%
2000/01 ST Chile Ivan Zamorano 8 1
37%
2000/01 CB France Laurent Blanc 44 3
37%
2022/23 RB Italy Raoul Bellanova 22
37%
2014/15 CM Serbia Zdravko Kuzmanovic 25 1
37%
2013/14 CM Serbia Zdravko Kuzmanovic 16
37%
2012/13 CM Serbia Zdravko Kuzmanovic 14
37%
2015/16 LB Brazil Dodo 1
36%
2014/15 LB Brazil Dodo 28 2
36%
2007/08 RW Italy Filippo Mancini 1
36%
2010/11 LW Brazil Mancini 2
36%
2009/10 LW Brazil Mancini 7
36%
2008/09 LW Brazil Mancini 27 1
36%
2019/20 ST Italy Sebastiano Esposito 14 1
36%
2018/19 ST Italy Sebastiano Esposito 1
36%
2021/22 ST Ecuador Felipe Caicedo 3
35%
2014/15 RB Brazil Jonathan 5
35%
2013/14 RB Brazil Jonathan 32 4
35%
2012/13 RB Brazil Jonathan 23 1
35%
2011/12 RB Brazil Jonathan 6
35%
2018/19 RB Portugal Cedric Soares 9
34%
2018/19 LB Brazil Dalbert 12 1
34%
2017/18 LB Brazil Dalbert 14
34%
2004/05 CM Netherlands Edgar Davids 23
34%
2016/17 ST Brazil Gabriel Barbosa 10 1
33%
2016/17 GK Argentina Juan Pablo Carrizo 4
33%
2015/16 GK Argentina Juan Pablo Carrizo 4
33%
2014/15 GK Argentina Juan Pablo Carrizo 12
33%
2013/14 GK Argentina Juan Pablo Carrizo 6
33%
2012/13 GK Argentina Juan Pablo Carrizo 1
33%
2013/14 CM Algeria Saphir Taider 26 2
33%
2019/20 LB Italy Cristiano Biraghi 37 3
32%
2010/11 LB Italy Cristiano Biraghi 2
32%
2004/05 CM Greece Georgios Karagounis 20
32%
2003/04 CM Greece Georgios Karagounis 16
32%
2005/06 LM Argentina Kily Gonzalez 22
32%
2004/05 LM Argentina Kily Gonzalez 21
32%
2003/04 LM Argentina Kily Gonzalez 32
32%
2003/04 ST Sierra Leone Mohamed Kallon 7
32%
2002/03 ST Sierra Leone Mohamed Kallon 18 5
32%
2001/02 ST Sierra Leone Mohamed Kallon 41 15
32%
2005/06 CB Serbia Sinisa Mihajlovic 13 1
32%
2004/05 CB Serbia Sinisa Mihajlovic 30 5
32%
2015/16 AM Serbia Adem Ljajic 28 4
31%
2020/21 ST Italy Andrea Pinamonti 10 1
31%
2017/18 ST Italy Andrea Pinamonti 2
31%
2016/17 ST Italy Andrea Pinamonti 3
31%
2020/21 GK Italy Daniele Padelli 1
31%
2019/20 GK Italy Daniele Padelli 6
31%
2018/19 GK Italy Daniele Padelli 1
31%
2017/18 GK Italy Daniele Padelli 1
31%
2006/07 RW Argentina Mariano Gonzalez 24 1
31%
2004/05 RW Netherlands Andy van der Meyde 29 1
30%
2003/04 RW Netherlands Andy van der Meyde 25 3
30%
2014/15 ST Italy Dani Osvaldo 19 7
30%
2013/14 ST Algeria Ishak Belfodil 10 1
30%
2008/09 DM France Olivier Dacourt 1
30%
2007/08 DM France Olivier Dacourt 13
30%
2006/07 DM France Olivier Dacourt 37
30%
2000/01 GK France Sebastien Frey 38
30%
2016/17 CM Ivory Coast Assane Gnoukouri 8
29%
2016/17 CB Brazil Felipe Melo 10
29%
2015/16 CB Brazil Felipe Melo 28 1
29%
2004/05 LB Italy Francesco Coco 6
28%
2003/04 LB Italy Francesco Coco 4
28%
2002/03 LB Italy Francesco Coco 32
28%
2015/16 RB Spain Martin Montoya 4
28%
2017/18 AM Brazil Rafinha Alcantara 17 2
28%
2013/14 CB Portugal Rolando 29 4
28%
2015/16 LB Brazil Alex Telles 22
27%
2016/17 CM Argentina Ever Banega 33 6
27%
2010/11 CM Morocco Houssine Kharja 20 1
27%
2014/15 CB Argentina Hugo Campagnaro 16
27%
2013/14 CB Argentina Hugo Campagnaro 23
27%
2007/08 LM Argentina Santiago Solari 15 1
27%
2006/07 LM Argentina Santiago Solari 30 1
27%
2005/06 LM Argentina Santiago Solari 26 5
27%
2012/13 DM Uruguay Walter Gargano 36
27%
2008/09 AM Chile Luis Jimenez 8
26%
2007/08 AM Chile Luis Jimenez 22 4
26%
2016/17 CB Italy Marco Andreolli 7 1
26%
2014/15 CB Italy Marco Andreolli 13
26%
2013/14 CB Italy Marco Andreolli 6 1
26%
2006/07 CB Italy Marco Andreolli 7 1
26%
2005/06 CB Italy Marco Andreolli 5
26%
2004/05 CB Italy Marco Andreolli 1
26%
2021/22 ST Uruguay Martin Satriano 4
26%
2017/18 CB Argentina Lisandro Lopez 1
25%
2012/13 GK Italy Luca Castellazzi 5
25%
2011/12 GK Italy Luca Castellazzi 11
25%
2010/11 GK Italy Luca Castellazzi 20
25%
2022/23 AM Argentina Valentin Carboni 6
25%
2022/23 GK Italy Alex Cordaz 1
24%
2003/04 GK Italy Alex Cordaz 1
24%
2001/02 RB Croatia Dario Simic 21
24%
2000/01 RB Croatia Dario Simic 25 1
24%
2019/20 DM France Lucien Agoume 3
24%
2007/08 CM Portugal Maniche 11 1
24%
2000/01 ST Ireland Robbie Keane 16 3
24%
2002/03 RW Portugal Sergio Conceicao 33 1
24%
2001/02 RW Portugal Sergio Conceicao 32 1
24%
2018/19 LW France Yann Karamoh 1
24%
2017/18 LW France Yann Karamoh 17 1
24%
2005/06 CM Chile David Pizarro 40 3
23%
2002/03 ST Argentina Gabriel Batistuta 12 2
23%
2015/16 ST Albania Rey Manaj 6
23%
2012/13 ST Italy Tommaso Rocchi 14 3
23%
2005/06 RB Brazil Ze Maria 13
23%
2004/05 RB Brazil Ze Maria 36 1
23%
2003/04 DM Argentina Matias Almeyda 21
22%
2002/03 DM Argentina Matias Almeyda 26 1
22%
2010/11 GK Italy Paolo Orlandoni 1
22%
2008/09 GK Italy Paolo Orlandoni 1
22%
2007/08 GK Italy Paolo Orlandoni 3
22%
2005/06 GK Italy Paolo Orlandoni 1
22%
2003/04 RB Denmark Thomas Helveg 31
22%
2003/04 CB Italy Daniele Adani 34 4
21%
2002/03 CB Italy Daniele Adani 11 1
21%
2002/03 DM Italy Luigi Di Biagio 41 7
21%
2001/02 DM Italy Luigi Di Biagio 42 4
21%
2000/01 DM Italy Luigi Di Biagio 44 5
21%
2011/12 ST Argentina Mauro Zarate 31 3
21%
2001/02 ST Italy Nicola Ventola 27 10
21%
2001/02 LB Slovakia Vratislav Gresko 34 1
21%
2000/01 LB Slovakia Vratislav Gresko 20
21%
2014/15 DM France Yann M'Vila 14
21%
2015/16 CM Ivory Coast Assane Gnoukouri 3
20%
2014/15 CM Ivory Coast Assane Gnoukouri 5
20%
2016/17 LB Italy Cristian Ansaldi 26
20%
2012/13 RB Italy Ezequiel Schelotto 13 1
20%
2014/15 RB Senegal Ibrahima Mbaye 7
20%
2012/13 RB Senegal Ibrahima Mbaye 2
20%
2011/12 ST Netherlands Luc Castaignos 8 1
20%
2012/13 CB Argentina Matias Silvestre 20
20%
2005/06 LB Cameroon Pierre Wome 26
20%
2014/15 DM Slovenia Rene Krhin 5
20%
2009/10 DM Slovenia Rene Krhin 5
20%
2014/15 ST Romania George Puscas 7
18%
2005/06 LB Italy Giuseppe Favalli 31
18%
2004/05 LB Italy Giuseppe Favalli 37
18%
2007/08 CM Portugal Pele 22 2
18%
2002/03 AM France Stephane Dalmat 26
18%
2001/02 AM France Stephane Dalmat 24 2
18%
2000/01 AM France Stephane Dalmat 17 2
18%
2008/09 SS Nigeria Victor Obinna 11 1
18%
2010/11 CB Colombia Nelson Rivas 1
17%
2008/09 CB Colombia Nelson Rivas 8
17%
2007/08 CB Colombia Nelson Rivas 19
17%
2016/17 CB Australia Trent Sainsbury 1
17%
2011/12 DM Italy Angelo Palombo 3
16%
2001/02 CM France Benoit Cauet 1
16%
2000/01 CM France Benoit Cauet 21
16%
2013/14 DM Belgium Gaby Mudingayi 3
16%
2012/13 DM Belgium Gaby Mudingayi 13
16%
2012/13 ST Croatia Marko Livaja 13 4
16%
2002/03 RB Argentina Nelson Vivas 6
16%
2001/02 RB Argentina Nelson Vivas 16
16%
2004/05 GK Uruguay Fabian Carini 9
15%
2001/02 LB Greece Grigorios Georgatos 12 1
15%
2003/04 DM Spain Javier Farinos 24 1
15%
2002/03 DM Spain Javier Farinos 4
15%
2001/02 DM Spain Javier Farinos 16
15%
2000/01 DM Spain Javier Farinos 33 2
15%
2022/23 RB Italy Mattia Zanotti 2
15%
2021/22 RB Italy Mattia Zanotti 1
15%
2004/05 GK Italy Alberto Fontana 9
14%
2003/04 GK Italy Alberto Fontana 7
14%
2002/03 GK Italy Alberto Fontana 3
14%
2001/02 GK Italy Alberto Fontana 5
14%
2002/03 LM Argentina Andres Guglielminpietro 15
14%
2001/02 LM Argentina Andres Guglielminpietro 33 1
14%
2014/15 CB Brazil Felipe Dal Belo 4
14%
2006/07 ST Greece Lampros Choutos 3
14%
2019/20 CB Italy Lorenzo Pirola 1
14%
2003/04 RM Turkey Okan Buruk 9
14%
2002/03 RM Turkey Okan Buruk 21 2
14%
2001/02 RM Turkey Okan Buruk 11
14%
2014/15 AM Argentina Ruben Botta 1
14%
2013/14 AM Argentina Ruben Botta 11
14%
2012/13 GK Slovenia Vid Belec 3
14%
2004/05 CB Paraguay Carlos Gamarra 6
13%
2003/04 CB Paraguay Carlos Gamarra 18
13%
2002/03 CB Paraguay Carlos Gamarra 20
13%
2004/05 LB Italy Giovanni Pasquale 6
13%
2003/04 LB Italy Giovanni Pasquale 21
13%
2002/03 LB Italy Giovanni Pasquale 29
13%
2013/14 RB Brazil Wallace Oliveira 4
13%
2012/13 CM Ghana Alfred Duncan 4
12%
2014/15 ST Italy Federico Bonazzoli 7
12%
2013/14 ST Italy Federico Bonazzoli 2
12%
2016/17 LB Belgium Senna Miangue 5
12%
2000/01 LM Serbia Vladimir Jugovic 30 1
12%
2012/13 CM Italy Marco Benassi 13 1
11%
2009/10 LW Serbia Alen Stevanovic 1
9%
2000/01 CM Italy Cristian Brocchi 18 1
9%
2011/12 RB Italy Davide Faraoni 18 1
9%
2010/11 ST Romania Denis Alibec 2
9%
2002/03 AM Italy Domenico Morfeo 27 2
9%
2010/11 CB Italy Felice Natalino 3
9%
2014/15 RW Guinea Gaston Camara 2
9%
2000/01 CB Italy Matteo Ferrari 27
9%
2012/13 ST Italy Samuele Longo 1
9%
2011/12 ST Italy Samuele Longo 1
9%
2000/01 CM Brazil Vampeta 8 1
9%
2008/09 DM Italy Francesco Bolzoni 1
8%
2007/08 DM Italy Francesco Bolzoni 5
8%
2006/07 DM Italy Francesco Bolzoni 1
8%
2001/02 CB Uruguay Gonzalo Sorondo 12
8%
2014/15 CB Ghana Isaac Donkor 3
8%
2013/14 CB Ghana Isaac Donkor 1
8%
2012/13 CB Ghana Isaac Donkor 1
8%
2003/04 RM Brazil Luciano 7
8%
2000/01 GK Italy Marco Ballotta 11
8%
2000/01 CB Ivory Coast Cyril Domoraud 3
7%
2000/01 LB Italy Fabio Macellari 16
7%
2009/10 RB Italy Giulio Donati 1
7%
2012/13 CB Austria Lukas Spendlhofer 1
7%
2000/01 ST Italy Marco Ferrante 11 1
7%
2001/02 LB Italy Michele Serena 2
7%
2000/01 LB Italy Michele Serena 22
7%
2003/04 CM France Sabri Lamouchi 26
7%
2012/13 DM Italy Simone Pasa 6
7%
2000/01 SS Uruguay Antonio Pacheco 2
6%
2016/17 RW France Axel Bakayoko 1
6%
2000/01 CB Italy Bruno Cirillo 26
6%
2005/06 DM Cameroon Daniel Boumsong 3
6%
2003/04 CB France Jeremie Brechet 14
6%
2007/08 ST Italy Aiman Napoli 1
5%
2007/08 DM Morocco Ibrahim Maaroufi 1
5%
2006/07 DM Morocco Ibrahim Maaroufi 5
5%
2011/12 DM Italy Lorenzo Crisetig 1
5%
2010/11 DM Nigeria Nwankwo Obiora 5
5%
2013/14 CM Denmark Patrick Olsen 1
5%
2006/07 CM Hungary Attila Filkor 2
4%
2002/03 ST Italy Bernardo Corradi 1
4%
2015/16 CB Italy Fabio Della Giovanna 1
4%
2012/13 ST Italy Francesco Forte 2
4%
2006/07 ST North Macedonia Goran Slavkovski 1
4%
2005/06 ST North Macedonia Goran Slavkovski 1
4%
2011/12 CB Italy Luca Caldirola 1
4%
2012/13 AM Italy Luca Garritano 5
4%
2007/08 RB Italy Marco Filippini 1
4%
2002/03 DM Italy Nicola Beati 5
4%
2000/01 DM Italy Nicola Beati 1
4%
2001/02 CB Italy Pasquale Padalino 1
4%
2000/01 CM Argentina Sixto Peralta 3
4%
2004/05 AM Tunisia Tijani Belaid 1
4%
2014/15 CM Italy Andrea Palazzi 1
3%
2000/01 ST Italy Corrado Colombo 5 1
3%
2018/19 RW Italy Davide Merola 1
3%
2005/06 ST Italy Domenico Germinale 1
3%
2005/06 RW Italy Ilario Aloe 1
3%
2007/08 CB Montenegro Ivan Fatic 2
3%
2007/08 RW Italy Luca Siligardi 2
3%
2002/03 CM Italy Nicola Napolitano 4
3%
2004/05 ST Italy Riccardo Meggiorini 1
3%
2001/02 CB Italy Salvatore Ferraro 2
3%
2012/13 RB Italy Andrea Bandini 1
2%
2012/13 CM Italy Andrea Romano 2
2%
2000/01 LW Italy Anselmo Robbiati 1
2%
2000/01 AM Italy Carlo Trezzi 1
2%
2004/05 CM Italy Dino Marino 3
2%
2007/08 GK Italy Enrico Alfonso 1
2%
2014/15 ST Italy Enrico Baldini 1
2%
2004/05 CB Italy Fabrizio Biava 1
2%
2007/08 CM Italy Gabriele Puccio 2
2%
2004/05 CB Italy Hernan Dellafiore 1
2%
2002/03 LB Italy Luca Franchini 2
2%
2003/04 CM Italy Mario Rebecchi 1
2%
2002/03 CM Italy Mario Rebecchi 1
2%
2005/06 ST Italy Matteo Momente 3
2%
2002/03 AM Italy Mattia Altobelli 1
2%
2000/01 CB Italy Riccardo Fissore 1
2%
2006/07 ST Uruguay Sebastian Ribas 1
2%
2006/07 LB Italy Simone Fautario 2
2%
2002/03 CB Italy Alessandro Potenza 1
1%
2002/03 AM Brazil Wellington Fraga 1
1%
No matching quizzes found
Score Distribution
Percent of People with Each Score
Percentile by Number Answered
Your Score History
You have not taken this quiz since the last reset